Tục ngữ ca dao Việt Nam
v.v...
Đã lưu trong:
| Tác giả chính: | |
|---|---|
| Định dạng: | Sách |
| Năm xuất bản: |
Đà Nẵng
Nxb Đà Nẵng
2007
|
| Chủ đề: | |
| Tags: |
Thêm thẻ
Không có thẻ, Hãy là người đầu tiên gắn thẻ bản ghi này!
|
| LEADER | 00643nam a2200181 4500 | ||
|---|---|---|---|
| 082 | |a 398.8 |b H455KH | ||
| 100 | |a Hồng Khánh | ||
| 245 | |a Tục ngữ ca dao Việt Nam |c Hồng Khánh, Kỳ Anh sưu tầm | ||
| 260 | |a Đà Nẵng |b Nxb Đà Nẵng |c 2007 | ||
| 300 | |a 179 tr. |c 21 cm. | ||
| 520 | |a v.v... | ||
| 653 | |a Văn học dân gian | ||
| 653 | |a Tục ngữ | ||
| 653 | |a Ca dao | ||
| 653 | |a Việt Nam | ||
| 942 | |2 ddc |c SH | ||
| 999 | |c 8252 |d 8252 | ||
| 952 | |0 0 |1 0 |2 ddc |4 0 |6 398_800000000000000_H455KH |7 0 |8 300 |9 69525 |a qbu |b qbu |c D2 |d 2015-04-05 |g 27000 |l 2 |o 398.8 H455KH |p 8238.c1 |r 2016-01-25 |s 2016-01-21 |w 2015-04-05 |y SH |0 0 |6 398_800000000000000_H455KH | ||